| 000 | 00335nam a22001337a 4500 | ||
|---|---|---|---|
| 999 |
_c9565 _d9565 |
||
| 003 | OSt | ||
| 005 | 20210705102841.0 | ||
| 008 | 210705b ||||| |||| 00| 0 eng d | ||
| 020 | _a9781890449667 | ||
| 082 |
_a720.483 _bJOH |
||
| 100 | _aJohnson, Scott, 1951- | ||
| 245 | _aPerformative skyscraper : tall building design now | ||
| 942 | _2ddc | ||